000 01118nam a2200337 a 4500
001 000009023
003 DO-SdBNP
005 20260302080342.0
007 ta
008 090923s2018 dr r 000 p spa d
020 _a9789993475118
040 _aDO-SdBNP
_bspa
_cBNPHU
082 4 _aRD861.3
_bA414d, 2018
_222
100 1 _aAlix, Juan Antonio,
_d1833-1918
_911349
245 1 0 _aDécimas inéditas /
_cJuan Antonio Alix ; compilación Teresa Pereyra Goico de Pierre ; prólogo Emilio Rodríguez Demorizi.
250 _a3a. ed.
260 _aSanto Domingo :
_bCEDIBIL,
_c2018.
300 _a170 p. ;
_c22 cm.
490 1 _aCalímaco
_v20
490 1 _aPoesía
_v1
500 _aIncluye notas al pie de las páginas.
590 _aInventariado, 2023 / DG
650 4 _aPoesía dominicana
_966
650 0 _aLiteratura dominicana.
_967
700 1 _aPereyra Goico de Pierre, Teresa,
_ecomp.
_923660
700 1 _aRodríguez Demorizi, Emilio,
_d1908-1986
_epról.
_91039
830 0 _aCalímaco
_914052
_n20
830 0 _aPoesía
_91183
_n1
910 _aDG/Validado. Control de calidad MFF
942 _2ddc
_cLBS1
999 _c53156
_d53156